| 000 | 01252cam a22002294a 4500 | ||
|---|---|---|---|
| 020 | _a0415572126 (pbk.) | ||
| 020 | _a9780203135495 (ebk.) | ||
| 082 | 0 | 0 | _a363.7056 |
| 245 | 0 | 0 |
_aPolitics and the environment : _bfrom theory to practice / _cJames Connelly ... [et al.]. |
| 250 | _a3rd ed. | ||
| 260 |
_aAbingdon, Oxon ; _aNew York : _bRoutledge, _c2012. |
||
| 300 |
_axvii, 418 p. ; _c25 cm. |
||
| 504 | _aIncludes bibliographical references and index. | ||
| 650 | 0 | _aEnvironmental policy. | |
| 650 | 0 |
_aEnvironmental ethics. _95747 |
|
| 700 | 1 |
_aConnelly, James. _982025 |
|
| 942 |
_2ddc _cBK |
||
| 999 |
_c586349 _d586349 |
||